El Satiricón

Guardado en:
書目詳細資料
主要作者: Petronio, Cayo
格式: 圖書
語言:Undetermined
出版: San José, Costa Rica Editorial Costa Rica 1977
主題:
標簽: 添加標簽
沒有標簽, 成為第一個標記此記錄!

MARC

LEADER 00000nam a2200000Ia 4500
008 170316s9999 xx 000 0 und d
040 |a cru BVZT 
090 |a 870 P-6s 
100 |a Petronio, Cayo 
245 |a El Satiricón 
260 |a San José, Costa Rica 
260 |b Editorial Costa Rica 
260 |c 1977 
300 |a 188 páginas 
650 |a LITERATURA LATINA 
650 |a LITERATURA CLÁSICA 
999 |c 15103  |d 15103 
942 |c 15 D  |h 870 P-6s  |2 z